| 000 | 00769nam a22002297a 4500 | ||
|---|---|---|---|
| 999 |
_c162957 _d162957 |
||
| 005 | 20190325121216.0 | ||
| 008 | 190325b ||||| |||| 00| 0 eng d | ||
| 010 | _aENG-124925 | ||
| 020 |
_c399.00 _a9789384061371 |
||
| 035 | _aEN-108457 | ||
| 037 | _bDBAD/PUB | ||
| 040 |
_aDPL _bEnglish |
||
| 082 | _a332.678 | ||
| 100 | _aSubramanyam PV | ||
| 245 |
_aYou can be rich too: _bby PV Subramanyam [and] M. Pattabiraman; ed.by Joanna Punjabi _cwith goal based investing/ |
||
| 260 |
_aNew Delhi _bNetwork18 Publications _c2016 |
||
| 270 |
_a507, Prabhat Kiran, 17, Rajendra Place, _bNew Delhi _e110 008 |
||
| 300 |
_a170p. : _c24cm (Hb) _bill. |
||
| 700 | _aPattabiraman M. | ||
| 700 | _aJoanna Punjabi | ||
| 942 |
_adpl _cEN _2ddc _h332.678 _mSUB |
||